Mongolia in transition / (Record no. 15302)
[ view plain ]
| 000 -LEADER | |
|---|---|
| fixed length control field | 01427cam a2200397 a 4500 |
| 001 - CONTROL NUMBER | |
| control field | 2128933 |
| 005 - DATE AND TIME OF LATEST TRANSACTION | |
| control field | 20170105102915.0 |
| 008 - FIXED-LENGTH DATA ELEMENTS--GENERAL INFORMATION | |
| fixed length control field | 970107s1996 enkab b 001 0 eng d |
| 010 ## - LIBRARY OF CONGRESS CONTROL NUMBER | |
| LC control number | 97101609 |
| 020 ## - INTERNATIONAL STANDARD BOOK NUMBER | |
| International Standard Book Number | 0700704183 |
| 020 ## - INTERNATIONAL STANDARD BOOK NUMBER | |
| International Standard Book Number | 0700704418 (pbk.) |
| 035 ## - SYSTEM CONTROL NUMBER | |
| System control number | (UPB)notisDGU7595 |
| 035 ## - SYSTEM CONTROL NUMBER | |
| System control number | (LGTO)(CStRLIN)PASG1983888-B |
| 035 ## - SYSTEM CONTROL NUMBER | |
| System control number | (OCoLC)36076751 |
| 035 ## - SYSTEM CONTROL NUMBER | |
| System control number | (CStRLIN)UTBGDGU7595-B |
| 040 ## - CATALOGING SOURCE | |
| Original cataloging agency | PSt |
| Transcribing agency | PSt |
| Modifying agency | CStRLIN |
| -- | DLC |
| 042 ## - AUTHENTICATION CODE | |
| Authentication code | lccopycat |
| 043 ## - GEOGRAPHIC AREA CODE | |
| Geographic area code | a-mp--- |
| 050 04 - LIBRARY OF CONGRESS CALL NUMBER | |
| Classification number | DS798.75 |
| Item number | .M654 1996 |
| 082 00 - DEWEY DECIMAL CLASSIFICATION NUMBER | |
| Classification number | 951.7 |
| Edition number | 21 |
| 245 00 - TITLE STATEMENT | |
| Title | Mongolia in transition / |
| Statement of responsibility, etc. | edited by Ole Bruun and Ole Odgaard. |
| 260 ## - PUBLICATION, DISTRIBUTION, ETC. | |
| Place of publication, distribution, etc. | Richmond, Surrey : |
| Name of publisher, distributor, etc. | Curzon, |
| Date of publication, distribution, etc. | 1996. |
| 300 ## - PHYSICAL DESCRIPTION | |
| Extent | 272 p. : |
| Other physical details | ill., maps ; |
| Dimensions | 23 cm. |
| 490 1# - SERIES STATEMENT | |
| Series statement | Studies in Asian topics, |
| International Standard Serial Number | 0142-6208 ; |
| Volume/sequential designation | 22. |
| 500 ## - GENERAL NOTE | |
| General note | Subtitle on cover: Old patterns, new challenges. |
| 504 ## - BIBLIOGRAPHY, ETC. NOTE | |
| Bibliography, etc. note | Includes bibliographical references (p. [255]-260) and index. |
| 651 #0 - SUBJECT ADDED ENTRY--GEOGRAPHIC NAME | |
| Geographic name | Mongolia |
| General subdivision | History |
| -- | 20th century. |
| 651 #0 - SUBJECT ADDED ENTRY--GEOGRAPHIC NAME | |
| Geographic name | Mongolia |
| General subdivision | Politics and government. |
| 700 1# - ADDED ENTRY--PERSONAL NAME | |
| Personal name | Bruun, Ole, |
| Dates associated with a name | 1953- |
| 700 1# - ADDED ENTRY--PERSONAL NAME | |
| Personal name | Odgaard, Ole, |
| Dates associated with a name | 1958- |
| 830 #0 - SERIES ADDED ENTRY--UNIFORM TITLE | |
| Uniform title | Studies on Asian topics ; |
| Volume/sequential designation | no. 22. |
| 856 42 - ELECTRONIC LOCATION AND ACCESS | |
| Materials specified | Publisher description |
| Uniform Resource Identifier | <a href="http://www.loc.gov/catdir/enhancements/fy0914/97101609-d.html">http://www.loc.gov/catdir/enhancements/fy0914/97101609-d.html</a> |
| 906 ## - LOCAL DATA ELEMENT F, LDF (RLIN) | |
| a | 7 |
| b | cbc |
| c | copycat |
| d | 3 |
| e | ncip |
| f | 19 |
| g | y-gencatlg |
| 942 ## - ADDED ENTRY ELEMENTS (KOHA) | |
| Source of classification or shelving scheme | |
| Koha item type | Book |
| Withdrawn status | Lost status | Damaged status | Not for loan | Collection code | Permanent Location | Current Location | Shelving location | Date acquired | Total Checkouts | Full call number | Barcode | Date last seen | Price effective from | Koha item type |
|---|---|---|---|---|---|---|---|---|---|---|---|---|---|---|
| Centre for International Peace & Stability (CIPS) | Centre for International Peace & Stability (CIPS) | General Stacks | 10/02/2013 | 951.7 MON 1996 | CIPS0002335 | 11/26/2013 | 11/26/2013 | Book |
